00754nam a2200205Ia 4500003000900000008002700009020001900036040002800055100003000083245007100113250002400184260003200208300004000240490008300280500004300363650003600406650002700442650004800469650003100517CO-ViMGA180103s9999 xx 000 0 und d a 9789588416823 aCO-ViMGAbspacCO-ViMGA1 aFlórez Franco, Germán10aLas entrañas del mito y la leyenda /c Germán Flórez Franco. a Edición especial aBogotá :b Apidama,c2017 a91 páginas ;b Dimensiones 23 cm. aPlan Nacional de Lectura y Escritura Leer es mi Cuento / Ministerio de Cultura aIncluye datos biográficos del autor.14aLeyendas Colombianas ySiglo XX14aMiedo En La Literatura14aMitología - Colombia - Siglo XxySiglo XX14aViolencia En La Literatura